| 000 | 00535nam a2200217Ia 4500 | ||
|---|---|---|---|
| 008 | 210210b2004 xxu||||| |||| 00| 0 eng d | ||
| 041 | _aeng | ||
| 082 | _a891.468 REGK | ||
| 100 | _aREGO ( El En) | ||
| 245 | _aKarnatakant konkni sangit ani tantle prakar | ||
| 260 |
_aManglur _bKarnataka Konkani Sahitya Akademy. _c2004 |
||
| 300 | _a76 | ||
| 650 | _atantle | ||
| 650 | _asangit | ||
| 650 | _aprakar | ||
| 650 | _akonkani | ||
| 650 | _aKarnatakant | ||
| 650 | _aani | ||
| 690 | _aKonkani Miscellaneous | ||
| 906 | _a064042 | ||
| 999 |
_c139309 _d139309 |
||